00801nam a2200205 a 450000100100000000500170001000800410002702000180006804000250008610000370011124501300014826000420027830000200032050400270034059000260036770000460039370000340043995201050047399900170057800004055020201002034216.0130830s2012 sp 000 0 spa d a9788469521137 aDO-SdBNPbspacBNPHU1 aVázquez Serrano, Carmen96687210aAzheimer ¿Qué es eso?, ¿Qué hago? /cCarmen Vázquez Serrano, Francisca socorro López López, Camen Ríos Paredes. aMadrid :bGráficas Alhambra,c2012. a87 p. ;c22 cm. aBibliografía : p. 87 aInventariado, 2019/VM1 aLópez López, Francisca Socorro9668731 aRíos Paredes, Carmen966874 001050718MOaGRbGRcHDd2013-08-30iLF1l0o p40550-10r2020-06-25w2020-06-25y1ZNo se presta c40040d40040